| 000 | 01828cam a22004814i 4500 | ||
|---|---|---|---|
| 003 | PE-LiUPU | ||
| 005 | 20250731172911.0 | ||
| 008 | 150617s r 000 0 d | ||
| 035 | _a(Sirsi) a16865 | ||
| 040 |
_aPE-LiUPU _bspa _cPE-LiUPU _erda |
||
| 049 | _aPRUA | ||
| 082 | 0 | 4 |
_a261.7 _bS66 _221 |
| 100 | 1 |
_aSölle, Dorothee, _eautor. |
|
| 245 | 1 | 0 |
_aTeología Política : _bconfrontación con Rudolf Bultmann / _cDorothee Sölle. |
| 264 | 1 |
_aSalamanca : _bEdiciones Sígueme, _c1972. |
|
| 300 |
_a119 páginas ; _c20 cm. |
||
| 336 |
_atext _2rdacontent |
||
| 337 |
_aunmediated _2rdamedia |
||
| 338 |
_avolume _2rdacarrier |
||
| 490 | 0 |
_aEstudios Sígueme ; _v3 |
|
| 504 | _aCon notas bibliográficas. | ||
| 505 | 0 | _aDe la teología existencial a la política. -El método crítico-histórico. -La teología dialéctica. -La filosofía existencialista. -Teología política como hermenéutica. -Verdad como teoría-praxis de la fe. -El pecado, interpretado políticamente. -El perdón políticamente interpretado. | |
| 526 | _aSEG42 | ||
| 526 | _aSEG41 | ||
| 526 | _aSEG40 | ||
| 526 | _aSEG39 | ||
| 526 | _aP94 | ||
| 526 | _aP87 | ||
| 526 | _aP86 | ||
| 526 | _aP85 | ||
| 526 | _aP77 | ||
| 526 | _aP76 | ||
| 526 | _aP35 | ||
| 600 | 1 |
_aBultmann, Rudolf Karl. _d1884-1976 _xCrítica e interpretación |
|
| 650 | 0 | 4 | _aTeología política. |
| 910 |
_ajck _bjvq _cjck _d20150616 |
||
| 942 |
_2ddc _cBOOK |
||
| 949 |
_a261.7 S66 _wDEWEY _c1 _i18917 _lCCODEBUL1 _mBUL _p00.00 _r0 _sY _tBOOK _u19810423 _xTEOLOGIA _PP35 _0COMPRA _o.STAFF. Colección General |
||
| 994 |
_aC0 _bPEPRU |
||
| 596 | _a1 | ||
| 999 |
_a261.7 S66 _wDEWEY _c16381 _i18917 _f2021-11-12 _g5 _lCCODEBUL1 _mBUL _r0 _sY _tBOOK _u2015-6-17 _xTEOLOGIA _PP35 _0COMPRA _o.STAFF. Colección General _d16381 |
||
| 980 |
_81 _gALBERTO SANCHEZ Responsable de Automatización |
||